Solahaveen lokasabha mein sansad sadasy sthaniy kshetr vikas yojana ka kiryanvanan: Haryana rajya ka ek adhyayan (Record no. 394552)

MARC details
000 -LEADER
fixed length control field 00538nam a22001697a 4500
005 - DATE & TIME
control field 20251208110344.0
008 - FIXED-LENGTH DATA ELEMENTS--GENERAL INFORMATION
fixed length control field 251208b |||||||| |||| 00| 0 eng d
040 ## - CATALOGING SOURCE
Original cataloging agency VIVEKANANDA LIBRARY
082 ## - DDC NUMBER
Classification number 350
Book Number D612S
100 ## - MAIN ENTRY--PERSONAL NAME
Personal name Dinesh
245 ## - TITLE STATEMENT
Title Solahaveen lokasabha mein sansad sadasy sthaniy kshetr vikas yojana ka kiryanvanan: Haryana rajya ka ek adhyayan
260 ## - PUBLICATION, DISTRIBUTION, ETC. (IMPRINT)
Name of publisher, distributor, etc Department of Public Administraion, M D University, Rohtak
Date of publication, distribution, etc 2025
300 ## - PHYSICAL DESCRIPTION
Pages xii, 289
650 ## - Subject
Subject Public Administration
700 ## - Added Entry Personal Name
Added Entry Personal Name Kundu, Rajesh Kumar
942 ## - ADDED ENTRY ELEMENTS (KOHA)
Koha item type Thesis
Holdings
Withdrawn status Lost status Source of classification or shelving scheme Damaged status Not for loan Location (home branch) Sublocation or collection (holding branch) Shelving location Date acquired Koha issues (times borrowed) Koha full call number Accession No. Koha date last seen Copy number Koha item type
    Dewey Decimal Classification     VIVEKANANDA LIBRARY VIVEKANANDA LIBRARY Vivekananda Library 08/12/2025   350 D612S 411240 08/12/2025 R Thesis
© Designed and Maintained by Vivekananda Library, MDU Rohtak